Statistics for Trinidad and Tobago Country Quiz

Click here to take the quiz!

General Stats

  • This quiz has been taken 8,095 times
    (8,044 since last reset)
  • The average score is 11 of 17

Answer Stats

HintAnswer% Correct
Official languageEnglish
98%
Sea which borders Trinidad and Tobago{Caribbean} Sea
98%
Nearest mainland countryVenezuela
93%
First European to land on the island of TrinidadChristopher Columbus
92%
Group of islands that Trinidad and Tobago are part ofLesser {Antilles}
92%
Currency of Trinidad and TobagoDollar
87%
Trinidadian activity that finds out "how low you can go"Limbo
78%
Capital cityPort-of-Spain
75%
Most important exportNatural gas
68%
Mythical city that Sir Walter Raleigh was looking for when he landed on Trinidad in 1595El Dorado
58%
Female rapper who recorded "Starships" and "Super Bass"Nicki Minaj
56%
147,000 people from this country were brought to Trinidad as indentured
servants from 1845–1917
India
46%
Celebration held for two days before Ash WednesdayCarnival
46%
Type of drum original to Trinidad and Tobago used in calypso musicSteelpan
39%
Largest city in Tobago, named after a town in Yorkshire with a famous fairScarborough
39%
Trinidadian cricketer who has the only quadruple century in test cricket historyBrian Lara
25%
Most populous municipality{Chag}uanas
16%

Score Distribution

Percentile by Number Answered

Percent of People with Each Score

Your Score History

You have not taken this quiz since the last reset